Minh mệnh chính yếu

Sách gồm 8 quyển, từ thiên thứ 16 đến thiên 22. Nội dung là những văn kiện ghi lại lịch sử thiết yếu dưới triều Minh Mệnh.

Enregistré dans:
Détails bibliographiques
Format: Livre
Langue:Undetermined
Publié: Huế Thuận Hóa 1994
Tags: Ajouter un tag
Pas de tags, Soyez le premier à ajouter un tag!
Thư viện lưu trữ: Trung tâm Học liệu Trường Đại học Cần Thơ
LEADER 00592nam a2200157Ia 4500
001 CTU_140885
008 210402s9999 xx 000 0 und d
082 |a 959.7012 
082 |b M312/T.3 
245 0 |a Minh mệnh chính yếu 
260 |a Huế 
260 |b Thuận Hóa 
260 |c 1994 
520 |a Sách gồm 8 quyển, từ thiên thứ 16 đến thiên 22. Nội dung là những văn kiện ghi lại lịch sử thiết yếu dưới triều Minh Mệnh. 
904 |i Giang 
980 |a Trung tâm Học liệu Trường Đại học Cần Thơ